000 01049nam a2200193 i 4500
001 160696
003 ES-MaACL
005 20230906212117.0
008 020627m18941895fr |||| | fre d
040 _aCCPB | B
_bspa
_cCCPB | B
100 1 _aNiewenglowski, B.
_9217367
245 1 0 _aCours de géométrie analytique
_b: a l'usage des Éleves de la Classe de Mathématiques spéciales des Candidats aux Écoles du Gouvernement /
_cpar B. Niewenglowski.
260 _aParis :
_bGauthier-Villars et flis,
_c1894-1895.
300 _a2 v. ;
_c24 cm.
505 8 _aContiene: T. I. Sections coniques. -- T. II. Construction des courbes planes. Compléments relatifs aux coniques
650 4 _aGeometría analítica.
_913100
852 _aES-MaACL
_jF-1467
_z-- Enc. pasta española deteriorada
_q-- Sólo el t.III
_x-- Edic.: 3 v. -- T.III, 1896 (572 p.) -- El t.III: Géométrie dans l'espace avec une note sur les transformations en géometrie par Emile Borel -- Corregir el ed.: Gauthier-Villars et fils imprimeurs-libraires
999 _c160696
_d160696